000 00904nam a22002417a 4500
001 BRCA_9389
003 FranzMayer
005 20230918124539.0
008 230901b |||||||| |||| 00| 0 eng d
020 _a0888847661
040 _aMFM
_bespañol
_cMFM
050 0 _aN910.O7
_bF73 2003
100 1 _4Autor
_aFranklin, David
_929474
240 _aItalian Drawings
_hfrom the National Gallery of Canada
_lInglés
245 0 _aItalian Drawings
_bfrom the National Gallery of Canada
260 _aOttawa, Canadá
_bNational Gallery of Canada
_c2003
300 _a175 p
_bIlustraciones a color
_c27 cm
500 _aAnexo 1
505 _aTexto en: españolIncluye índice temáticoDirigido a: artistas, historiadores de arte
650 1 _2Artes visuales
_aMuseosy exhibiciones
_vGalerías de arte
_929475
651 2 _2Museos de Canadá
_aOttawa
_vNational Galleryb of Canada
_929476
942 _2lcc
_cB
999 _c11011
_d11011